书目信息 |
| 题名: |
什么是哲学
|
|
| 作者: | 李秀林 著 | |
| 分册: | ||
| 出版信息: | 北京 北京出版社 1979 |
|
| 页数: | 127页 | |
| 开本: | 19cm | |
| 丛书名: | 哲学丛书 | |
| 单 册: | ||
| 中图分类: | B-49 , B2 | |
| 科图分类: | ||
| 主题词: | 哲学--通俗读物 , 哲学--中国 | |
| 电子资源: | ||
| ISBN: | ||
| 000 | 00643nam2 2200265 45 | |
| 001 | 1158801028 | |
| 005 | 20110927162246.57 | |
| 010 | @dCNY0.26 | |
| 091 | @aCN@b2071.13 | |
| 100 | @a19950714d1979 em y0chiy0121 ea | |
| 101 | 0 | @achi |
| 102 | @aCN@b110000 | |
| 105 | @ay z 000yy | |
| 200 | 10 | @a什么是哲学@Ashen me shi zhe xue@f李秀林著 |
| 210 | @a北京@c北京出版社@d1979 | |
| 215 | @a127页@d19cm | |
| 225 | 2 | @a哲学丛书 |
| 410 | 0 | @120010@a哲学丛书 |
| 606 | 0 | @a哲学@x通俗读物 |
| 606 | 0 | @a哲学@x中国 |
| 690 | @aB-49@v3 | |
| 690 | @aB2@v4 | |
| 701 | 0 | @a李秀林@Ali xiu lin@4著 |
| 801 | 0 | @aCN@bTSSF |
| 905 | @a10447@dB2@eJY11 | |
| 什么是哲学/李秀林著.-北京:北京出版社,1979 |
| 127页;19cm.-(哲学丛书) |
| ISBN :CNY0.26 |
| ● |
| 相关链接 |
|
|
|
|
正题名:什么是哲学
索取号:B2/JY11
 
预约/预借
| 序号 | 登录号 | 条形码 | 馆藏地/架位号 | 状态 | 备注 |
| 1 | 7824358 | 278243580 | 学院路分馆/ [索取号:B2/JY11] | 在馆 | |
| 2 | 7824359 | 278243599 | 学院路分馆/ [索取号:B2/JY11] | 在馆 | |
| 3 | 7824360 | 278243606 | 学院路分馆/ [索取号:B2/JY11] | 在馆 |